[Event "Bronshoj Lang Weekend 2014"]
[Site "Bronshoj"]
[Date "2014.02.07"]
[Round "1"]
[White "Semcesen, Daniel"]
[Black "Kokholm, Daniel"]
[Result "1-0"]
[WhiteElo "2492"]
[BlackElo "1845"]
[PlyCount "77"]
[EventDate "2014.??.??"]
[EventType "swiss"]
[EventRounds "7"]
[EventCountry "DEN"]


1. c4 f5 2. Nc3 Nf6 3. g3 g6 4. Bg2 Bg7 5. d3 d6 6. e4 c6 7. Nge2 O-O 8. O-O e5
9. h3 f4 10. gxf4 Nh5 11. fxe5 dxe5 12. Kh2 Na6 13. Be3 Nc7 14. d4 Qh4 15. d5
Ne8 16. f3 Rf7 17. Qe1 Qxe1 18. Raxe1 Bd7 19. Rd1 h6 20. Rd2 b6 21. dxc6 Bxc6
22. Rfd1 Nc7 23. Rd6 Rf6 24. Rxf6 Bxf6 25. Ng3 Nxg3 26. Rd6 Nh5 27. Rxc6 Ne8
28. Bxh6 Kf7 29. Be3 Ke7 30. b4 Kd7 31. b5 Nd6 32. h4 Ne8 33. Nd5 Kd8 34. Bh3
Bxh4 35. Rxg6 Nhf6 36. Rh6 Nxd5 37. cxd5 Be7 38. Rc6 a6 39. Bxb6+ 1-0

[Event "Bronshoj Lang Weekend 2014"]
[Site "Bronshoj"]
[Date "2014.02.07"]
[Round "1"]
[White "Bromann, Thorbjorn"]
[Black "Mouritsen, Jan"]
[Result "1-0"]
[WhiteElo "2399"]
[BlackElo "1824"]
[PlyCount "55"]
[EventDate "2014.??.??"]
[EventType "swiss"]
[EventRounds "7"]
[EventCountry "DEN"]


1. c4 Nf6 2. g3 e6 3. Bg2 d5 4. Nf3 Be7 5. O-O O-O 6. Qc2 c6 7. b3 Nbd7 8. Bb2
b6 9. d3 Bb7 10. e4 dxe4 11. dxe4 Qc7 12. e5 Ng4 13. Re1 c5 14. Nbd2 Rad8 15.
h3 Nh6 16. g4 Rfe8 17. Ne4 Bxe4 18. Qxe4 f5 19. exf6 Bxf6 20. Rab1 Nf7 21. Bc1
Nde5 22. Bf4 Nxf3+ 23. Qxf3 Be5 24. Bxe5 Nxe5 25. Qg3 Rd2 26. Rxe5 Rxa2 27. Bd5
Qd6 28. Rbe1 1-0

[Event "Bronshoj Lang Weekend 2014"]
[Site "Bronshoj"]
[Date "2014.02.07"]
[Round "1"]
[White "Rydstrom, Tom"]
[Black "Andreasen, Rene"]
[Result "1-0"]
[WhiteElo "2163"]
[BlackElo "1768"]
[PlyCount "61"]
[EventDate "2014.??.??"]
[EventType "swiss"]
[EventRounds "7"]
[EventCountry "DEN"]


1. e4 c6 2. Nf3 d5 3. Nc3 Nf6 4. e5 Ne4 5. d4 Qa5 6. Bd3 Bg4 7. O-O Nxc3 8. Qe1
Bxf3 9. gxf3 e6 10. Bd2 Ne2+ 11. Qxe2 Qb6 12. c3 c5 13. dxc5 Bxc5 14. b4 Be7
15. Kh1 Qc7 16. f4 g6 17. Rae1 Nd7 18. Rg1 O-O-O 19. Rc1 Kb8 20. c4 Qc6 21.
cxd5 Qxd5+ 22. Be4 Qxa2 23. Ra1 Qb3 24. Rgb1 Qh3 25. Qb5 Nb6 26. Rxa7 Kxa7 27.
Be3 Rd1+ 28. Rxd1 Bd8 29. Ra1+ Kb8 30. Ra8+ Kxa8 31. Qa6+ 1-0

[Event "Bronshoj Lang Weekend 2014"]
[Site "Bronshoj"]
[Date "2014.02.07"]
[Round "1"]
[White "Marshall, Michael"]
[Black "Smith, Axel"]
[Result "0-1"]
[WhiteElo "1839"]
[BlackElo "2489"]
[PlyCount "104"]
[EventDate "2014.??.??"]
[EventType "swiss"]
[EventRounds "7"]
[EventCountry "DEN"]


1. c4 e5 2. g3 c6 3. d4 e4 4. Bg2 d5 5. Nc3 Bb4 6. Qc2 Nf6 7. a3 Bxc3+ 8. Qxc3
dxc4 9. Qxc4 Be6 10. Qc3 Qd7 11. e3 Na6 12. f3 Bf5 13. Bd2 O-O 14. b4 exf3 15.
Nxf3 Nc7 16. Ne5 Qe6 17. O-O Rad8 18. Rae1 Be4 19. Qc4 Rd5 20. Rxf6 gxf6 21.
Bxe4 Rxe5 22. Qxe6 Rxe6 23. Bf5 Re7 24. b5 Nxb5 25. Bb4 Rfe8 26. Bxe7 Rxe7 27.
Kf2 Nxa3 28. Ra1 Nb5 29. Bd3 a6 30. Rb1 h6 31. Rb3 Kf8 32. d5 Rd7 33. dxc6 bxc6
34. Ke2 Ke7 35. Bc4 Kd8 36. Rd3 Rxd3 37. Kxd3 Ke7 38. g4 a5 39. Bb3 f5 40. gxf5
Nd6 41. e4 c5 42. Bd5 Kf6 43. Bc6 Ke5 44. Bd5 f6 45. Bc6 c4+ 46. Kc3 Nxe4+ 47.
Kxc4 Nd6+ 48. Kc5 Nxf5 49. Bd7 Nd4 50. Kb6 f5 51. Kxa5 f4 52. Bh3 Nf3 0-1

[Event "Bronshoj Lang Weekend 2014"]
[Site "Bronshoj"]
[Date "2014.02.07"]
[Round "1"]
[White "Pedersen, Jan Nordenbaek"]
[Black "Kuehn, Morten"]
[Result "1-0"]
[WhiteElo "2243"]
[BlackElo "1803"]
[PlyCount "71"]
[EventDate "2014.??.??"]
[EventType "swiss"]
[EventRounds "7"]
[EventCountry "DEN"]


1. e4 c5 2. Nf3 Nc6 3. Bb5 a6 4. Bxc6 bxc6 5. O-O c4 6. Ne5 Nf6 7. Nc3 d5 8. d4
Bb7 9. Re1 e6 10. Qf3 Bb4 11. Nxf7 Kxf7 12. e5 Rf8 13. Bg5 Be7 14. exf6 Bxf6
15. Qh3 Qe7 16. Re5 h6 17. Bxf6 Qxf6 18. Rae1 Bc8 19. Na4 Rb8 20. b3 Kg8 21.
Qe3 Qf4 22. Nc5 Qxe3 23. R5xe3 Rf4 24. c3 cxb3 25. axb3 Rf6 26. Ra1 Kf7 27. b4
Ke7 28. Re2 Kd6 29. Nxa6 Rb7 30. Nc5 Re7 31. Ra8 Rf8 32. Nd3 Ref7 33. Rea2 Rf6
34. h3 g5 35. R2a7 Bd7 36. Ne5 1-0

[Event "Bronshoj Lang Weekend 2014"]
[Site "Bronshoj"]
[Date "2014.02.07"]
[Round "1"]
[White "Moller, Arne Vagn"]
[Black "Thuesen, Mogens Henrik"]
[Result "0-1"]
[WhiteElo "1783"]
[BlackElo "2209"]
[PlyCount "54"]
[EventDate "2014.??.??"]
[EventType "swiss"]
[EventRounds "7"]
[EventCountry "DEN"]


1. e4 d6 2. d4 Nf6 3. f3 g6 4. c4 Bg7 5. Nc3 O-O 6. Be3 c6 7. Bd3 a6 8. Nge2 b5
9. Qd2 Nbd7 10. Rc1 e5 11. O-O exd4 12. Nxd4 Bb7 13. cxb5 axb5 14. Nc2 Ne5 15.
Be2 Qe7 16. Bg5 Rfd8 17. b3 b4 18. Nxb4 d5 19. Nd3 dxe4 20. Nxe4 Nxe4 21. fxe4
f6 22. Be3 Nxd3 23. Bxd3 Ba6 24. Bc5 Rxd3 25. Qxd3 Qxc5+ 26. Rxc5 Bxd3 27. Rxc6
Bxf1 0-1

[Event "Bronshoj Lang Weekend 2014"]
[Site "Bronshoj"]
[Date "2014.02.07"]
[Round "1"]
[White "Kyrkjebo, Eirik"]
[Black "Nohr, Finn"]
[Result "0-1"]
[WhiteElo "1693"]
[BlackElo "2076"]
[PlyCount "36"]
[EventDate "2014.??.??"]
[EventType "swiss"]
[EventRounds "7"]
[EventCountry "DEN"]


1. e4 e5 2. Nf3 Nc6 3. Nc3 Nf6 4. Bb5 Bc5 5. Nxe5 Nd4 6. O-O O-O 7. Re1 d6 8.
Nd3 Bg4 9. Ne2 Bxe2 10. Rxe2 Nxb5 11. b4 Bb6 12. c3 a5 13. a4 axb4 14. Qb3 Na7
15. a5 Nc6 16. Nxb4 Nxa5 17. Qc2 Nc4 18. d3 Rxa1 0-1

[Event "Bronshoj Lang Weekend 2014"]
[Site "Bronshoj"]
[Date "2014.02.07"]
[Round "1"]
[White "Krull, Carl"]
[Black "Chernyak, Viktoria"]
[Result "0-1"]
[WhiteElo "1660"]
[BlackElo "2018"]
[PlyCount "102"]
[EventDate "2014.??.??"]
[EventType "swiss"]
[EventRounds "7"]
[EventCountry "DEN"]


1. e4 c5 2. Nf3 d6 3. d4 cxd4 4. Qxd4 a6 5. Nc3 Nc6 6. Qd1 g6 7. Bc4 Nf6 8. Bg5
Bg7 9. e5 dxe5 10. Qxd8+ Kxd8 11. Bxf7 e6 12. Nh4 Ne7 13. Nf3 Nc6 14. Nh4 Kc7
15. Nxg6 hxg6 16. Bxg6 Nd5 17. h4 Bh6 18. Bxh6 Rxh6 19. Be4 Nf6 20. O-O-O Bd7
21. Rdg1 Nd4 22. Kd2 Rah8 23. Bd3 Rxh4 24. Rxh4 Rxh4 25. f3 Bc6 26. Ke3 Kd6 27.
Ne2 Nd5+ 28. Kf2 Nxe2 29. Kxe2 Nf4+ 30. Kf2 Rh2 31. Kg3 Rh8 32. Bf1 a5 33. c4
Kc5 34. Kf2 Rd8 35. g3 Nd3+ 36. Ke3 Nxb2 37. g4 Nxc4+ 38. Bxc4 Kxc4 39. Rc1+
Kb4 40. g5 Rg8 41. Rg1 Rg6 42. f4 exf4+ 43. Kxf4 Ka3 44. Re1 Kxa2 45. Re2+ Kb3
46. Rh2 Bb5 47. Rh7 Ba6 48. Rf7 a4 49. Rf6 Rxf6+ 50. gxf6 e5+ 51. Kxe5 Bc4 0-1

[Event "Bronshoj Lang Weekend 2014"]
[Site "Bronshoj"]
[Date "2014.02.07"]
[Round "1"]
[White "Jorgensen, Mikkel"]
[Black "Stojanovski, Sandi"]
[Result "0-1"]
[WhiteElo "1811"]
[BlackElo "2252"]
[PlyCount "50"]
[EventDate "2014.??.??"]
[EventType "swiss"]
[EventRounds "7"]
[EventCountry "DEN"]


1. e4 c5 2. Nf3 Nc6 3. d4 cxd4 4. Nxd4 Nf6 5. Nc3 e5 6. Ndb5 d6 7. Bg5 a6 8.
Na3 b5 9. Bxf6 gxf6 10. Nd5 Bg7 11. c3 f5 12. Bd3 Ne7 13. Nxe7 Qxe7 14. O-O O-O
15. Qh5 d5 16. exf5 e4 17. Rfe1 b4 18. Nb1 Qf6 19. g4 exd3 20. Re3 h6 21. Rxd3
Qg5 22. Qxg5 hxg5 23. Rxd5 Bb7 24. Rd7 Rab8 25. a3 Rfd8 0-1

[Event "Bronshoj Lang Weekend 2014"]
[Site "Bronshoj"]
[Date "2014.02.07"]
[Round "1"]
[White "Ohayv, Nikolaj"]
[Black "Nielsen, Michael(1983)"]
[Result "0-1"]
[WhiteElo "1760"]
[BlackElo "2148"]
[PlyCount "70"]
[EventDate "2014.??.??"]
[EventType "swiss"]
[EventRounds "7"]
[EventCountry "DEN"]


1. e4 e6 2. d4 d5 3. Nd2 c5 4. c3 cxd4 5. cxd4 dxe4 6. Nxe4 Bb4+ 7. Nc3 Nc6 8.
Nf3 Nf6 9. a3 Be7 10. Be2 O-O 11. O-O a6 12. b4 b5 13. Be3 Bb7 14. h3 Nd5 15.
Nxd5 Qxd5 16. Qd2 Rfd8 17. Rfd1 a5 18. bxa5 Nxa5 19. Qb2 Nc4 20. Bxc4 bxc4 21.
Rdc1 Bc6 22. Qc3 Ra4 23. Rc2 Rda8 24. Rca2 h6 25. Qc1 Qa5 26. Ne5 Bd5 27. Bxh6
gxh6 28. Qxh6 Qd8 29. Re1 Qf8 30. Qh5 Qg7 31. Ng4 Rxa3 32. Rxa3 Rxa3 33. Rb1
Rb3 34. Re1 c3 35. Re3 c2 0-1

[Event "Bronshoj Lang Weekend 2014"]
[Site "Bronshoj"]
[Date "2014.02.07"]
[Round "1"]
[White "Kyrkjebo, Marte Bakken"]
[Black "Petersen, Peter Birk"]
[Result "0-1"]
[WhiteElo "1719"]
[BlackElo "2098"]
[PlyCount "58"]
[EventDate "2014.??.??"]
[EventType "swiss"]
[EventRounds "7"]
[EventCountry "DEN"]


1. e4 c5 2. Nc3 Nc6 3. Bb5 g6 4. Bxc6 bxc6 5. f4 Bg7 6. Nf3 d6 7. d3 Nf6 8. O-O
O-O 9. Qe1 c4 10. d4 Rb8 11. Qh4 Qa5 12. e5 Nd5 13. Nxd5 Qxd5 14. Qxe7 Bg4 15.
c3 c5 16. Qxa7 Rb7 17. Qa5 Rfb8 18. exd6 Rb5 19. Qc7 Bxf3 20. Rxf3 cxd4 21. d7
Bf6 22. Qc8+ Kg7 23. a4 R5b7 24. cxd4 Bxd4+ 25. Be3 Bxe3+ 26. Rxe3 Rxb2 27. Rg3
Qd4+ 28. Kh1 Rb1+ 29. Rxb1 Rxb1# 0-1

[Event "Bronshoj Lang Weekend 2014"]
[Site "Bronshoj"]
[Date "2014.02.07"]
[Round "1"]
[White "Nielsen, Klaus"]
[Black "Henriksen, Christian Steen"]
[Result "1-0"]
[WhiteElo "2056"]
[BlackElo "1679"]
[PlyCount "29"]
[EventDate "2014.??.??"]
[EventType "swiss"]
[EventRounds "7"]
[EventCountry "DEN"]


1. e4 d6 2. d4 Nf6 3. Nc3 g6 4. Be2 Bg7 5. Be3 Nbd7 6. g4 e5 7. g5 Ng8 8. Nf3
Ne7 9. Qd2 exd4 10. Nxd4 Ne5 11. h3 Bd7 12. O-O-O Bc6 13. f4 Nd7 14. Rhf1 f5
15. Ne6 1-0

[Event "Bronshoj Lang Weekend 2014"]
[Site "Bronshoj"]
[Date "2014.02.07"]
[Round "1"]
[White "Jorgensen, Orla Eilegaard"]
[Black "Karlsson, Ulf"]
[Result "0-1"]
[WhiteElo "1449"]
[BlackElo "1986"]
[PlyCount "58"]
[EventDate "2014.??.??"]
[EventType "swiss"]
[EventRounds "7"]
[EventCountry "DEN"]


1. e4 c5 2. c3 g6 3. d4 cxd4 4. cxd4 d5 5. e5 Nc6 6. Nc3 Nh6 7. Bb5 Bg7 8. h3
O-O 9. Nf3 f6 10. exf6 exf6 11. O-O Be6 12. Bf4 g5 13. Bh2 a6 14. Bxc6 bxc6 15.
Kh1 g4 16. Ng1 Qd7 17. hxg4 Nxg4 18. Qd3 Nxh2 19. Kxh2 Kh8 20. f4 Bf5 21. Qd2
Rg8 22. Na4 Qf7 23. Nc5 Qh5+ 24. Nh3 Bf8 25. b4 Ra7 26. Rae1 Rag7 27. Rg1 Bd6
28. Ref1 Rg3 29. Rf3 Rxf3 0-1

[Event "Bronshoj Lang Weekend 2014"]
[Site "Bronshoj"]
[Date "2014.02.07"]
[Round "1"]
[White "Vovk, Oksana"]
[Black "Christophersen, David"]
[Result "1-0"]
[WhiteElo "2083"]
[BlackElo "1694"]
[PlyCount "87"]
[EventDate "2014.??.??"]
[EventType "swiss"]
[EventRounds "7"]
[EventCountry "DEN"]


1. d4 Nf6 2. c4 d6 3. Nf3 Nbd7 4. Nc3 e5 5. g3 Be7 6. Bg2 O-O 7. O-O h6 8. h3
c6 9. e4 Qc7 10. Be3 a6 11. Rc1 Rd8 12. Qe2 Nf8 13. d5 N6h7 14. Kh2 Bg5 15.
Nxg5 Nxg5 16. f4 exf4 17. Bxf4 Ng6 18. dxc6 bxc6 19. c5 Nxf4 20. gxf4 dxc5 21.
e5 Ne6 22. Ne4 Rd4 23. Qe3 c4 24. Nd6 Rb8 25. Nxc4 Qd8 26. b3 c5 27. Nd6 Qh4
28. Nf5 Qh5 29. Nxd4 cxd4 30. Qg3 Bb7 31. Bxb7 Rxb7 32. Rc8+ Kh7 33. Qf3 Qxf3
34. Rxf3 Rd7 35. f5 Ng5 36. Rd3 Rd5 37. Re8 Rc5 38. Kg3 Rc2 39. h4 Ne4+ 40. Kf4
Nc3 41. Kf3 Nxa2 42. Rxd4 Rc3+ 43. Kf2 Rxb3 44. Rdd8 1-0

[Event "Bronshoj Lang Weekend 2014"]
[Site "Bronshoj"]
[Date "2014.02.07"]
[Round "1"]
[White "Kyrkjebo, Hanna Bakken"]
[Black "Jacobsen, Mikkel Manosri"]
[Result "0-1"]
[WhiteElo "1672"]
[BlackElo "2054"]
[PlyCount "78"]
[EventDate "2014.??.??"]
[EventType "swiss"]
[EventRounds "7"]
[EventCountry "DEN"]


1. e4 c6 2. d4 d5 3. e5 Bf5 4. Nf3 e6 5. Be2 Nd7 6. O-O Ne7 7. Be3 Rc8 8. Nbd2
c5 9. c4 cxd4 10. Bxd4 Nb6 11. Rc1 Nc6 12. a3 Be7 13. b4 O-O 14. c5 Nd7 15. Nb3
Qc7 16. Bb2 Ndxe5 17. Nbd4 Nxf3+ 18. Bxf3 Nxd4 19. Bxd4 Bg5 20. Ra1 e5 21. Bb2
d4 22. Re1 Rfe8 23. Qa4 d3 24. Be4 Bxe4 25. Rxe4 f5 26. Ree1 e4 27. Qxa7 Ra8
28. Qb6 Qxb6 29. cxb6 Re6 30. Bd4 Rd8 31. Be3 f4 32. Bc5 d2 33. Red1 e3 34.
fxe3 fxe3 35. Bxe3 Bxe3+ 36. Kh1 Bf2 37. Rf1 Re1 38. Rfxe1 dxe1=Q+ 39. Rxe1
Bxe1 0-1

[Event "Bronshoj Lang Weekend 2014"]
[Site "Bronshoj"]
[Date "2014.02.07"]
[Round "1"]
[White "Pedersen, Thorben Landstrom"]
[Black "Ronsted, Torben"]
[Result "0-1"]
[WhiteElo "1466"]
[BlackElo "2011"]
[PlyCount "68"]
[EventDate "2014.??.??"]
[EventType "swiss"]
[EventRounds "7"]
[EventCountry "DEN"]


1. e4 c5 2. Nf3 d6 3. d4 cxd4 4. Nxd4 Nf6 5. Nc3 a6 6. Be2 e5 7. Nf3 h6 8. Be3
Be6 9. h3 Be7 10. a4 Nbd7 11. O-O O-O 12. Nh2 Rc8 13. Bf3 Qa5 14. Bd2 Qb6 15.
b4 Qd4 16. Ne2 Qc4 17. Nc3 Rfd8 18. Rc1 Qd4 19. Ne2 Qb6 20. c3 Qc6 21. Ng3 Nb6
22. Ng4 Qxa4 23. Nxf6+ Bxf6 24. Nh5 Be7 25. Qe1 Bc4 26. Be3 Qb5 27. Qd2 Bxf1
28. Bxh6 Nc4 29. Qd1 gxh6 30. Bg4 Nb6 31. Bxc8 Be2 32. Qe1 Bxh5 33. Bf5 Qe2 34.
Qxe2 Bxe2 0-1

[Event "Bronshoj Lang Weekend 2014"]
[Site "Bronshoj"]
[Date "2014.02.07"]
[Round "1"]
[White "Christensen, Esben"]
[Black "Jensen, Jonbert"]
[Result "1-0"]
[WhiteElo "1976"]
[BlackElo "1400"]
[PlyCount "69"]
[EventDate "2014.??.??"]
[EventType "swiss"]
[EventRounds "7"]
[EventCountry "DEN"]


1. e4 d6 2. Nf3 e5 3. Bc4 Nf6 4. Ng5 d5 5. exd5 Nxd5 6. Nxf7 Kxf7 7. Qf3+ Ke6
8. Nc3 c6 9. O-O Qf6 10. Bxd5+ cxd5 11. Qxd5+ Ke7 12. d4 Nc6 13. dxe5 Qe6 14.
Qe4 Kf7 15. f4 Bc5+ 16. Be3 Bxe3+ 17. Qxe3 Re8 18. Ne4 h6 19. Rad1 Re7 20. Rd6
Qf5 21. Rxc6 Kg8 22. Nd6 Qd7 23. Qb3+ Kh7 24. Qd3+ g6 25. Rc3 Qd8 26. Rxc8 Rxc8
27. Nxc8 Qxc8 28. Rd1 Qe6 29. Qd6 Qf7 30. Qf6 Qe8 31. Rd6 Rd7 32. Qe6 Re7 33.
Qd5 Kg7 34. e6 Kf8 35. Rd8 1-0

[Event "Bronshoj Lang Weekend 2014"]
[Site "Bronshoj"]
[Date "2014.02.07"]
[Round "1"]
[White "Luther, Lasse"]
[Black "Jensen, Simon Stibolt"]
[Result "1-0"]
[WhiteElo "2014"]
[BlackElo "1552"]
[PlyCount "59"]
[EventDate "2014.??.??"]
[EventType "swiss"]
[EventRounds "7"]
[EventCountry "DEN"]


1. e4 c5 2. Nc3 Nc6 3. g3 e5 4. Bg2 Nd4 5. d3 h6 6. f4 d6 7. Nf3 Bg4 8. h3 Bxf3
9. Bxf3 Nxf3+ 10. Qxf3 Qd7 11. Be3 b6 12. Nd5 O-O-O 13. a4 f6 14. b4 Ne7 15. a5
Nxd5 16. exd5 Qb5 17. O-O Qxb4 18. Rfb1 Qc3 19. axb6 axb6 20. Ra8+ Kd7 21. Ra7+
Kc8 22. Rba1 b5 23. Qg4+ Kb8 24. Ra8+ Kc7 25. R1a7+ Kb6 26. Ra6+ Kb7 27. Rxd8
Qe1+ 28. Kg2 Kxa6 29. Ra8+ Kb6 30. Qc8 1-0

[Event "Bronshoj Lang Weekend 2014"]
[Site "Bronshoj"]
[Date "2014.02.07"]
[Round "1"]
[White "Nielsen, Viktor Haarmark"]
[Black "Kristensen, Lars Ostergaard"]
[Result "1-0"]
[WhiteElo "2007"]
[BlackElo "1455"]
[PlyCount "71"]
[EventDate "2014.??.??"]
[EventType "swiss"]
[EventRounds "7"]
[EventCountry "DEN"]


1. e4 c6 2. d4 d5 3. exd5 cxd5 4. c4 Nf6 5. Nc3 Nc6 6. Nf3 Bg4 7. cxd5 Nxd5 8.
Qb3 Bxf3 9. gxf3 Nxc3 10. bxc3 Qb6 11. Rb1 Qxb3 12. Rxb3 O-O-O 13. Bf4 e6 14.
Rg1 g6 15. Bb5 Bd6 16. Bg5 Rde8 17. f4 Be7 18. Bxe7 Rxe7 19. Ke2 Na5 20. Ra3 b6
21. Bd3 Rd8 22. Rb1 Rc7 23. Ke3 Nc6 24. Be4 Na5 25. Bd3 Nc6 26. Ba6+ Kd7 27.
Bb5 Kd6 28. Bxc6 Kxc6 29. c4 Rdd7 30. Ke4 Kd6 31. Rc1 f5+ 32. Ke3 Rc6 33. c5+
bxc5 34. dxc5+ Rxc5 35. Ra6+ Kd5 36. Rd1+ 1-0

[Event "Bronshoj Lang Weekend 2014"]
[Site "Bronshoj"]
[Date "2014.02.07"]
[Round "1"]
[White "Ulrich, Thomas"]
[Black "Schmidt, Horst Hubert"]
[Result "1-0"]
[WhiteElo "2026"]
[BlackElo "1663"]
[PlyCount "69"]
[EventDate "2014.??.??"]
[EventType "swiss"]
[EventRounds "7"]
[EventCountry "DEN"]


1. e4 d6 2. d4 g6 3. Nc3 Bg7 4. Be3 Nf6 5. Qd2 Ng4 6. Bg5 h6 7. Bh4 Nc6 8. h3
Nf6 9. d5 Ne5 10. f4 Ned7 11. Nf3 Nc5 12. Qe3 c6 13. Bxf6 Bxf6 14. e5 Bg7 15.
exd6 Qxd6 16. O-O-O Bxc3 17. Qxc3 O-O 18. Ne5 cxd5 19. Rxd5 Qxd5 20. Nxg6 fxg6
21. Bc4 Qxc4 22. Qxc4+ Ne6 23. Rf1 Kh7 24. g4 Ng7 25. Qc7 e6 26. Qe7 Kg8 27.
Rf3 Re8 28. Qf6 Kh7 29. Rc3 Rg8 30. Rc7 a5 31. h4 e5 32. f5 gxf5 33. g5 Ra6 34.
g6+ Kh8 35. Rxg7 1-0

[Event "Bronshoj Lang Weekend 2014"]
[Site "Bronshoj"]
[Date "2014.02.08"]
[Round "2"]
[White "Karlsson, Ulf"]
[Black "Brzezinski, Adam"]
[Result "0-1"]
[WhiteElo "1986"]
[BlackElo "2142"]
[PlyCount "68"]
[EventDate "2014.??.??"]
[EventType "swiss"]
[EventRounds "7"]
[EventCountry "DEN"]


1. e4 e6 2. d3 c5 3. g3 Nc6 4. Bg2 Nge7 5. Nc3 d6 6. f4 g6 7. Nf3 Bg7 8. O-O
O-O 9. Bd2 Rb8 10. Rb1 b5 11. a3 b4 12. axb4 Nxb4 13. Ne2 d5 14. e5 Qc7 15. g4
Bd7 16. Be1 c4 17. Bxb4 Rxb4 18. d4 Rfb8 19. b3 cxb3 20. cxb3 Qb6 21. Ng3 Nc6
22. Ne2 Rxb3 23. Rxb3 Qxb3 24. f5 a5 25. Qd2 a4 26. Qf4 exf5 27. Nh4 Ne7 28.
Nc1 Qb5 29. Rf2 Rc8 30. Bf1 Qb1 31. Nd3 a3 32. Qd2 Bb5 33. Nc5 Bxf1 34. Rxf1 a2
0-1

[Event "Bronshoj Lang Weekend 2014"]
[Site "Bronshoj"]
[Date "2014.02.08"]
[Round "2"]
[White "Petersen, Peter Birk"]
[Black "Christensen, Esben"]
[Result "1/2-1/2"]
[WhiteElo "2098"]
[BlackElo "1976"]
[PlyCount "50"]
[EventDate "2014.??.??"]
[EventType "swiss"]
[EventRounds "7"]
[EventCountry "DEN"]


1. e4 c5 2. Nf3 e6 3. d4 cxd4 4. Nxd4 Nf6 5. Nc3 d6 6. Be3 a6 7. a3 b6 8. Bd3
Qc7 9. O-O Nbd7 10. Qe2 Be7 11. Kh1 O-O 12. f4 Re8 13. Rae1 Bb7 14. Bd2 e5 15.
Nf5 Bf8 16. fxe5 Nxe5 17. Bg5 Nfd7 18. Qf2 h6 19. Bd2 Nxd3 20. cxd3 Ne5 21. Qg3
Kh7 22. Rf4 Ng6 23. Rf2 Rac8 24. Ref1 d5 25. exd5 Qxg3 1/2-1/2

[Event "Bronshoj Lang Weekend 2014"]
[Site "Bronshoj"]
[Date "2014.02.08"]
[Round "2"]
[White "Kokholm, Daniel"]
[Black "Kyrkjebo, Eirik"]
[Result "1-0"]
[WhiteElo "1845"]
[BlackElo "1693"]
[PlyCount "52"]
[EventDate "2014.??.??"]
[EventType "swiss"]
[EventRounds "7"]
[EventCountry "DEN"]


1. e4 e5 2. Nc3 Nc6 3. f4 exf4 4. Nf3 d6 5. Bc4 Ne5 6. Bb3 Bg4 7. O-O Nxf3+ 8.
gxf3 Bh3 9. Rf2 Qg5+ 10. Kh1 O-O-O 11. d4 h5 12. Bxf7 Nh6 13. Bc4 Qh4 14. Qg1
g5 15. Bd2 Bg7 16. Ne2 Rdf8 17. c3 Kb8 18. b4 g4 19. Nxf4 Rxf4 20. Bxf4 gxf3
21. Qxg7 Re8 22. Qg3 Bg2+ 23. Rxg2 fxg2+ 24. Kxg2 Qf6 25. Qg5 Ng4 26. Qxf6 Nxf6
1-0

[Event "Bronshoj Lang Weekend 2014"]
[Site "Bronshoj"]
[Date "2014.02.08"]
[Round "2"]
[White "Olsen, Michael Richard W"]
[Black "Vovk, Oksana"]
[Result "1/2-1/2"]
[WhiteElo "1933"]
[BlackElo "2083"]
[PlyCount "72"]
[EventDate "2014.??.??"]
[EventType "swiss"]
[EventRounds "7"]
[EventCountry "DEN"]


1. e4 e6 2. c3 d5 3. exd5 exd5 4. Na3 Nf6 5. Nf3 c6 6. Nc2 Bg4 7. Be2 Nbd7 8.
Ne3 Bxf3 9. Bxf3 Ne5 10. d4 Nxf3+ 11. Qxf3 Ne4 12. Qh5 Qf6 13. Qf5 Qxf5 14.
Nxf5 Nd6 15. Nxd6+ Bxd6 16. Be3 b5 17. O-O Kd7 18. a3 a5 19. Rfe1 Rhe8 20. g3
Re6 21. Bd2 Rxe1+ 22. Bxe1 Rb8 23. Kf1 Ke6 24. Bd2 Kf5 25. Re1 h5 26. Kg2 g6
27. h3 Kf6 28. f4 Rb7 29. Kf3 Re7 30. Rxe7 Bxe7 31. g4 hxg4+ 32. hxg4 Ke6 33.
Be3 f5 34. Bf2 Kd7 35. b4 a4 36. g5 Ke6 1/2-1/2

[Event "Bronshoj Lang Weekend 2014"]
[Site "Bronshoj"]
[Date "2014.02.08"]
[Round "2"]
[White "Kristensen, Lars Ostergaard"]
[Black "Ohayv, Nikolaj"]
[Result "1-0"]
[WhiteElo "1455"]
[BlackElo "1760"]
[PlyCount "103"]
[EventDate "2014.??.??"]
[EventType "swiss"]
[EventRounds "7"]
[EventCountry "DEN"]


1. d4 d5 2. c4 e6 3. Nc3 Nf6 4. cxd5 exd5 5. Bg5 c6 6. Qc2 Nbd7 7. e3 Be7 8.
Bd3 O-O 9. Nge2 Re8 10. O-O Nf8 11. f3 g6 12. Rae1 Ne6 13. Bh4 c5 14. Qd1 cxd4
15. exd4 a6 16. Bb1 Ng7 17. Bf2 Bf5 18. Qb3 Qd7 19. Nf4 Bxb1 20. Rxb1 Rad8 21.
Rbc1 b5 22. Nd3 Bd6 23. Bh4 Re6 24. Ne5 Rxe5 25. dxe5 Bxe5 26. Rcd1 Nf5 27.
Bxf6 Bxf6 28. Rxd5 Qa7+ 29. Kh1 Re8 30. Rfd1 Qe3 31. Ne4 Rxe4 32. fxe4 Qxb3 33.
axb3 Ne3 34. Rd8+ Kg7 35. e5 Bxd8 36. Rxd8 Ng4 37. Rd5 Ne3 38. Rc5 Nd1 39. Rc2
Ne3 40. Re2 Nd5 41. g3 Kf8 42. Kg2 Ke7 43. Kf3 Ke6 44. Ke4 Nb6 45. Rd2 Nd7 46.
Rd6+ Ke7 47. Kd5 g5 48. g4 f6 49. e6 Ne5 50. h3 Nd3 51. Rd7+ Ke8 52. Kd6 1-0

[Event "Bronshoj Lang Weekend 2014"]
[Site "Bronshoj"]
[Date "2014.02.08"]
[Round "2"]
[White "Henriksen, Christian Steen"]
[Black "Marshall, Michael"]
[Result "1-0"]
[WhiteElo "1679"]
[BlackElo "1839"]
[PlyCount "99"]
[EventDate "2014.??.??"]
[EventType "swiss"]
[EventRounds "7"]
[EventCountry "DEN"]


1. d4 Nf6 2. c4 e6 3. Nc3 Bb4 4. e3 b6 5. Bd3 Bb7 6. f3 c5 7. a3 Bxc3+ 8. bxc3
Nc6 9. Ne2 d6 10. O-O O-O 11. Ng3 Qc7 12. Bd2 Ba6 13. Qe2 Na5 14. Rac1 Nb3 15.
Rc2 Nxd2 16. Qxd2 Bc8 17. f4 d5 18. cxd5 exd5 19. c4 dxc4 20. Bxc4 Re8 21. d5
g6 22. Be2 Qe7 23. Rc3 Bd7 24. Bf3 Rac8 25. e4 c4 26. e5 Ng4 27. e6 Bxe6 28.
dxe6 Qxe6 29. f5 Qe7 30. Bxg4 Qc5+ 31. Kh1 f6 32. Qf2 Qxf2 33. Rxf2 b5 34. Kg1
Rcd8 35. Re2 Rxe2 36. Bxe2 Kf7 37. Kf2 Ke7 38. Ke3 Kd6 39. Rc2 Re8+ 40. Kd4 Rc8
41. Bf3 a5 42. Ne4+ Ke7 43. Kc3 Rd8 44. Rd2 Rc8 45. Rd5 Rb8 46. Nd6 b4+ 47.
axb4 axb4+ 48. Kxc4 b3 49. Rb5 Rxb5 50. Nxb5 1-0

[Event "Bronshoj Lang Weekend 2014"]
[Site "Bronshoj"]
[Date "2014.02.08"]
[Round "2"]
[White "Schmidt, Horst Hubert"]
[Black "Jorgensen, Mikkel"]
[Result "0-1"]
[WhiteElo "1663"]
[BlackElo "1811"]
[PlyCount "108"]
[EventDate "2014.??.??"]
[EventType "swiss"]
[EventRounds "7"]
[EventCountry "DEN"]


1. e4 c5 2. g3 Nc6 3. Bg2 g6 4. Ne2 Bg7 5. Nbc3 d6 6. d3 Nf6 7. O-O O-O 8. Rb1
Rb8 9. Be3 Bd7 10. h3 b5 11. Qd2 b4 12. Nd5 e6 13. Nxf6+ Bxf6 14. c3 bxc3 15.
bxc3 Qa5 16. Qc2 Ne5 17. f4 Ba4 18. Qd2 Nc6 19. Kh2 Rb6 20. Rb2 Rxb2 21. Qxb2
Rb8 22. Qa1 Qb5 23. c4 Qb2 24. Qe1 Nb4 25. Nc1 Nc2 26. Qf2 Nxe3 27. Qxe3 Bd4
28. Qf3 Bc6 29. f5 exf5 30. Qf4 Be5 31. Qf3 Qc2 32. h4 Rb2 33. Kh3 h5 34. Kh2
f6 35. Kh1 Kg7 36. Rg1 Qf2 37. Qxf2 Rxf2 38. exf5 Bxg2+ 39. Rxg2 Rf1+ 40. Rg1
Rxg1+ 41. Kxg1 Bxg3 42. Ne2 Bxh4 43. fxg6 Kxg6 44. Kg2 Kf5 45. Kf3 Be1 46. Nf4
h4 47. Ng2 Bg3 48. Ne3+ Ke5 49. Nc2 f5 50. a3 f4 51. Kg4 a6 52. a4 a5 53. Na1
Kd4 54. Nb3+ Ke3 0-1